Napoleonic Wars- Whos Who? Extreme Quiz! - Statistics

General Stats
  • This quiz has been taken 619 times
    284 since last reset
  • The average score is 51 of 136
Answer Stats
Category/ Hint Answers % Correct
Western Empire France
81%
Heads of State- Emperor of the French Napoleon
80%
Ruler of Second French Empire (Ancestor) Napoleon III
80%
Eastern Empire Russia
80%
Iberian Kingdom Spain
80%
German Kingdom Prussia
79%
Iberian Kingdom Portugal
78%
Later Holy Roman Empire Austria
71%
Napoleon's Brothers Joseph
68%
'Bravest of the Brave' Ney
67%
Southern German State Bavaria
66%
British Generals- Iron Duke Wellington
66%
Napoleon Born on: Corsica
63%
Italian State Naples
63%
Exiled: Elba
62%
Austerlitz
60%
Napoleon's Wives Joséphine
60%
Leader of the French Cavalry Reserve Murat
60%
Waterloo
60%
Czar of Russia Alexander I
58%
French Marshals- Iron Marshal Davout
58%
Louis
58%
Marshal/ King of Sweden Bernadotte
57%
King of Great Britain George III
56%
Great British Admiral Nelson
56%
Low Countries Netherlands
56%
Russia 1812 Borodino
54%
Kaiser of Prussia Fredrick Wilhelm III
53%
St. Helena
53%
Baltic Kingdom Sweden
53%
Island Nation Great Britain
52%
Leipzig
52%
Central German State Saxony
51%
Prussian Generals- Scourge of Napoleon Blucher
50%
Position Napoleon gained after 1799 Coup First Consul
50%
Napoleon's professed Best Friend Lannes
50%
'Spoiled Child of Victory' Massena
50%
Hero of Austerlitz Soult
50%
Napoleon Crowned Emperor in 1804
48%
Monument Built in Paris to comemorate Victorys Arc de Triomphe
48%
Napoleon's Chief of Staff Berthier
48%
Baltic Kingdom Denmark
48%
Italy 1800 Marengo
48%
Polish Marshal Poniatowski
48%
French Legal Code Code Napoleon
47%
Italian State Papal State
46%
Peace Treaty after the Napoleonic Wars Congress of Vienna
45%
Last Marshal Grouchy
44%
Germany 1806-7 Jena-Auerstedt
44%
Egypt 1798 Pyramids
44%
Italian State Sardinia
44%
Austrian Generals- Brother to Kaiser Archduke Charles
43%
Grand Dutchy Warsaw
43%
'For France' Macdonald
42%
Napoleon's Son Napoleon II
42%
Only Marshal made in Spain Suchet
42%
Austria 1805 Ulm
42%
French King who returned to the throne Louis XVIII
41%
Name of Project to Unite Germany Confederation of the Rhine
40%
French Imperial Religion Catholic
39%
Marie Louise
39%
'For the Army' Oudinot
39%
Russian Generals- Opted to Abandon Moscow Kutuzov
38%
Wagram
37%
Napoleon's Son in Law Eugene
36%
Prince Regent of Great Britain George IV
36%
'For Friendship' Marmont
36%
Friedland
35%
Jerome
35%
Paris
35%
Diplomats- French Grand Chamberlain Talleyrand
34%
Led the invasion of Poland 1809 Archduke Ferdinand
33%
Old Guard Cavalry Bessieres
33%
Period in French History Napoleon Ended Reign of Terror
33%
Died of wounds at Borodino, 1812 Bagration
32%
Eylau
32%
Kaiser of Holy Roman Empire/ Austria Franz II and I
32%
Austrian Chancellor Metternich
32%
Dresden
31%
King of Spain Ferdinand VII
31%
'Hero of Flerus' Jourdan
30%
Battle of Valmy Kellerman
30%
(Minor Role) Mainly 1798-9 Ottoman Empire
29%
Major looter Augereau
28%
New French Government in 1799 Consulate
28%
100 Days Campaign 1815 Ligny
28%
Undefeated Commander, died in 1800 Suvorov
28%
Austria 1809 Aspern-Essling
27%
First ever Policy of Economic Warfare 1806 Continental System
27%
Key Battles, Italy 1796-7 Lodi
27%
Assasinated Czar of Russia Paul I
27%
French Royalist Region, Pacified Vendee
27%
Acre
26%
Came out of Retirement to fight on Lefebvre
26%
The Unfortunate (Battle of Ulm) Mack
26%
Only fought with Napoleon once Saint Cyr
26%
Arcole
25%
Led the National Guard Brune
25%
Served almost exclusively in Spain Moncey
25%
Made Marshal in 1808 Victor
25%
Lucien
24%
Very unexceptional Perignon
23%
Salamanca
23%
Old School Serurier
23%
French Minister of Police Fouche
22%
Seven Years War/ Commander in Chief of Prussian Army Brunswick
20%
Central German State Hessen
20%
Vitoria
20%
Wrote his Art of War Clausewitz
19%
Napoleon's Rival/ Allied Advisor Moreau
19%
'Organised and led the Young Guard' Mortier
19%
Commander in chief of the Allied armies Schwarzenberg
19%
Brother to Kaiser Archduke John
18%
Russian Commander in Chief 1806-7 Bennigsen
17%
Europe 1813-14 Lutzen/ Bautzen
17%
Napoleon's Lover Marie Walewska
17%
First Prussian Chief of Staff Scharnhorst
17%
Scorched Earth tactics Barclay de Tolly
16%
Policy to make peace with the Church 1801 Concordat
16%
Institution created in 1800 to control inflation Bank of France
15%
Led Spanish Expedition while above was in Court Moore
15%
Famously scared of Napoleon at the Berezina Wittgenstein
13%
French Ambassador to Russia 1812 Caulaincourt
12%
Russian Admiral Chichagov
12%
Spanish Peninsula 1808-14 Corunna
11%
Ordered Retreat to Wavre after battle in 1815 Gneisenau
11%
Talavera
11%
Faced Napoleon 1806 at Jena Hohenlohe
10%
Surrendered Valanecia Blake
9%
Chief of Staff of the Austrian army Radetzky
8%
Spanish General who famously defeated a French Army Castanos
7%
French General, Later Prime Minister Gerard
7%
Prussian Prime Minister Hardenberg
7%
Russian Commander in Chiefs early 1813 Tormasov/ Miloradovich
5%
Russian Progressive Prime Minister Speransky
4%
Spanish Generals- Escaped French Navy/ Army Romana
3%
No matching quizzes found
Score Distribution
Percent of People with Each Score
Percentile by Number Answered
Your Score History
You have not taken this quiz since the last reset